Top 10 Largest Countries by Area - Statistics

General Stats
  • This quiz has been taken 30 times
  • The average score is 9 of 10
Answer Stats
Answer % Correct
Brazil
100%
Canada
100%
China
100%
Russia
100%
United States
100%
Australia
95%
India
95%
Kazakhstan
95%
Argentina
89%
Algeria
74%
No matching quizzes found
Score Distribution
Percent of People with Each Score
Percentile by Number Answered
Your Score History
You have not taken this quiz